| 000 | 00373nam a22001457a 4500 | ||
|---|---|---|---|
| 020 | _a81-7826-312-2 | ||
| 082 |
_a823 _bDOY/R |
||
| 245 |
_aTHE RETURN OF SHERLOCK HOLMES _bSHORT STORY |
||
| 246 |
_aTHE RETURN OF SHERLOCK HOLMES _bSHORT STORY |
||
| 250 | _a2003 | ||
| 260 |
_aDELHI _bROHAN BOOK COMAPNY _c2003 |
||
| 300 | _a224 | ||
| 520 | _aCHILDRESNS SHORT STORY | ||
| 942 | _cBK | ||
| 999 |
_c384 _d384 |
||